Brigham Young (BYU) Alumni - Statistics

General Stats
  • This quiz has been taken 14 times
  • The average score is 16 of 31
Answer Stats
Hint Answer % Correct
Quarterback who plays for the Miami Dolphins and former second overall pick in the 2021 NFL Draft of the New York Jets Zach Wilson
86%
Hall of Fame quarterback who played for the San Francisco 49ers and was named NFL MVP in 1992 and 1994 Steve Young
79%
Senator from Utah from 2019 to 2025, Governor of Massachusetts from 2003 to 2007 and Republican Party's nominee for president in the 2012 election Mitt Romney
71%
Head football coach of the Kansas City Chiefs since 2013 and three time Super Bowl champion Andy Reid
64%
Holder of the record for all-time American game show wins Ken Jennings
64%
Running back who plays for the New Orleans Saints (former Packers and Lions player) Jamaal Williams
57%
Head football coach at Texas since 2021 Steve Sarkisian
57%
Former Ghanaian defensive end who played most notably for the Detroit Lions Ezekiel Ansah
50%
Linebacker who plays for the San Francisco 49ers Fred Warner
50%
Senator from Oregon from 1997 to 2009 Gordon H. Smith
50%
Senator from Arizona from 2013 to 2019 Jeff Flake
50%
Senator from Utah since 2025 John Curtis
50%
Actor best known for his role as the title character in "Napoleon Dynamite" Jon Heder
50%
Head football coach at BYU since 2016 Kalani Sitake
50%
Head football coach at Utah from 2005 to 2025 and at Michigan since 2026 Kyle Whittingham
50%
Senator from Arizona from 2019 to 2025 Kyrsten Sinema
50%
Hall of Fame college football coach at BYU from 1972 to 2000 and one of the most succesful coaches of all time LaVell Edwards
50%
Former football coach and mastermind behind the NCAA record-setting air raid offense (Texas Tech, Washington State and Mississippi State) Mike Leach
50%
Senator from Utah from 2011 Mike Lee
50%
Senator from Utah from 1977 to 2019 Orrin Hatch
50%
Owner of the Utah Jazz, Utah Hockey Club and co-owner of Real Salt Lake Ryan Smith
50%
Author of "Twilight" Stephenie Meyer
50%
Actor, "The Dark Knight" "Erin Brockovich" "Olympus Has Fallen" Aaron Eckhart
43%
Linebacker who plays for the Baltimore Ravens (former Patriots player) Kyle Van Noy
43%
Senator from Idaho since 1999 Mike Crapo
43%
Governor of Utah from 2003 to 2005 Olene Walker
43%
Governor of Utah from 2009 to 2021 Gary Herbert
36%
Author of "The Maze Runner" James Dashner
36%
Violinist with a succesful YouTube channel, "Shatter Me" Lindsey Stirling
36%
Lead vocalist of Imagine Dragons Dan Reynolds
29%
President of the Church of Jesus Christ of Latter-day Saints from 2008 to 2018 Thomas S. Monson
29%
No matching quizzes found
Score Distribution
Percent of People with Each Score
Percentile by Number Answered
Your Score History
You have not taken this quiz